English literature + language methods - Statistics

General Stats
  • This quiz has been taken 44 times
    41 since last reset
  • The average score is 6 of 15
Answer Stats
Hint Answer % Correct
M Metaphor
84%
A Alliteration
78%
P Personification
62%
H Hyperbole
57%
O Onomatopoeia
54%
S Similie
43%
PF Pathetic fallacy
41%
V Verb
41%
N Noun
35%
A Adjective
32%
A Assonance
32%
A Adverb
27%
S Sibilance
22%
A Allusion
19%
A Asyndeton
5%
No matching quizzes found
Score Distribution
Percent of People with Each Score
Percentile by Number Answered
Your Score History
You have not taken this quiz since the last reset